đŸŽ¶Paroles "Martyre de la cause" Mathilde - Statistiques

Statistiques générales
  • Ce quiz a Ă©tĂ© pris 5 fois
  • Le rĂ©sultat moyen est 345 sur 444
Statistiques - réponses
Mots % Correct
Ă 
100%
a,
100%
ai
100%
au
100%
avec
100%
Avec
100%
Bah
100%
c'
100%
C'
100%
ça,
100%
cause
100%
ce
100%
crois
100%
Crois
100%
d'
100%
de
100%
des
100%
est-
100%
est
100%
et
100%
Et
100%
fait
100%
fait ?
100%
J'
100%
j'
100%
jamais
100%
Je
100%
je
100%
l'
100%
L'
100%
la
100%
La
100%
Le
100%
les
100%
m'
100%
ma
100%
martyre
100%
me
100%
ne
100%
Oh oh oh...
100%
Oh oh oh ...
100%
on
100%
pas
100%
pour
100%
qu'
100%
Qu'
100%
que
100%
quoi
100%
Si
100%
si
100%
suis
100%
sur
100%
t'
100%
tu
100%
Tu
100%
une
100%
Valeurs
100%
vas-
100%
Vas-
100%
y
100%
y !
100%
attends,
80%
attends ?
80%
déjà
80%
en
80%
fais
80%
il
80%
mĂȘme
80%
mon
80%
pense
80%
peur ?
80%
peut
80%
plus
80%
qui
80%
serais
80%
ses
80%
tout
80%
Allez !
60%
bien
60%
celle
60%
courage,
60%
dans
60%
du
60%
été
60%
faire
60%
fierté
60%
grand ?
60%
grand,
60%
joie
60%
maintenant !
60%
mec
60%
oses...
60%
petit
60%
peux
60%
pouvoir
60%
rien
60%
soirée
60%
sous-
60%
toujours
60%
ait
40%
ambiance
40%
bonheur
40%
bouffe
40%
casse
40%
castratrice
40%
crache
40%
déjeuner
40%
doutera
40%
encaisser
40%
estimée
40%
folle
40%
frappée,
40%
haine
40%
honneur
40%
humiliée,
40%
méchante
40%
ouvre
40%
plaisir
40%
pourritures
40%
prĂȘte
40%
protéger
40%
rabaissée,
40%
rigoler
40%
sƓurs
40%
sorciĂšre
40%
témoigner,
40%
vérité
40%
violence
40%
agressée,
20%
Alors
20%
aprĂšs
20%
arrĂȘter
20%
assoiffée
20%
attaquée
20%
avide
20%
Bienvenue
20%
blessée,
20%
blessée
20%
bûcher
20%
cancellée
20%
cancellée,
20%
catcallée,
20%
censure
20%
chiera
20%
contre
20%
craignent
20%
culture
20%
dangereuse
20%
défiance
20%
dégradée,
20%
délinquante
20%
dénigrée,
20%
dépréciée,
20%
discréditée,
20%
éclat
20%
écrasée,
20%
écriture
20%
extrémiste
20%
fachosphĂšre
20%
gré
20%
gynocrate
20%
harcelée,
20%
Harcelée,
20%
hystérique
20%
innocence
20%
inquisition
20%
insultée,
20%
insultée
20%
légitime
20%
matriarche
20%
menace
20%
Méprisée,
20%
méprisée,
20%
met
20%
museler,
20%
ordures
20%
pourra
20%
Présomption
20%
puissance
20%
ravageant
20%
remets,
20%
résistance !
20%
sueur
20%
tenter
20%
terreur
20%
touchée
20%
véhémente
20%
vengeance,
20%
vilipendée,
20%
Aucun quiz correspondant
Distribution des résultats
% des personnes avec chaque résultat
Percentile par nombre de réponses
Votre historique - résultats
Vous n’avez pas pris ce quiz